000 00869nas a2200289 4500
001 BR0200592
003 BR-BrBNA
005 20231205102714.0
007 ta
008 230509b bl.|||p| |||| 00| 00por d
040 _aBR-BrBNA
_bpor
_cBiblioteca Nacional de Agricultura
041 _a(Pt)
072 _aH20
100 1 _aBaldassari, R.B.
100 1 _aGoes, A. de
100 1 _aSantos, J.M. dos
100 1 _aTimossi, A.J.
245 1 _aMicroscopia eletrônica de varredura de isolados de Guignardia citricarpa obtidos de plantas cítricas
650 _aLARANJA
650 _aMANCHA PRETA
650 _aFOLHA
650 _aMICROSCÓPIO ELETRÔNICO
650 _aLESÃO
773 0 _tSumma Phytopathologica (Brazil)
_xISSN 0100-5405
_g(Jan-Mar 2001), v. 27(1) p. 88-92
_wBR0200592
909 _a202311
_bLúcia
_c55
_dLúcia Elande
942 _2AGRIS
_n0
_cANA
999 _c168926
_d168926